Loreto College Library, Kolkata
WEBOPAC (ONLINE PUBLIC ACCESS CATALOGUE)

Ajneya ke kavya mein prem aur soundarya (Record no. 41864)

MARC details
000 -LEADER
fixed length control field 00634nam a22002057a 4500
005 - DATE AND TIME OF LATEST TRANSACTION
control field 20181206115522.0
008 - FIXED-LENGTH DATA ELEMENTS--GENERAL INFORMATION
fixed length control field 181206b xxu||||| |||| 00| 0 eng d
020 ## - ISBN | অাই এস বি এন
ISBN | অাই এস বি এন 9788190415125
PRICE ₹ 450.00
040 ## - CATALOGING SOURCE
Original cataloging agency Loreto College
041 ## - LANGUAGE CODE
Language code Hindi
082 ## - DDC | ডিউই
Classification number | বর্গসংখ্যা 891.431
Book Number | গ্রন্থাঙ্ক GAU
100 ## - MAIN ENTRY--PERSONAL NAME | মুখ্য সংলেখ - ব্যাক্তিনাম
Personal name | ব্যাক্তিনাম Goutam, Rajeshwari
245 ## - TITLE STATEMENT | অাখ্যা বিবরণী
Title | অাখ্যা Ajneya ke kavya mein prem aur soundarya
Statement of responsibility | লেখকের দায়িত্বের বিবরণ Rajeshwari Goutam
260 ## - IMPRINT | প্রকাশনা ক্ষেত্র
Place of publication | প্রকাশ স্থান Delhi
Name of publisher | প্রকাশকের নাম Prasangik Publishers
Date of publication | প্রকাশ কাল 2009
300 ## - PHYSICAL DESCRIPTION |
Page / Vol. No | পৃষ্ঠা / খন্ড সংখ্যা 217 p.
Other physical details | অনান্য বাহ্যিক বিবরণ 24 cm.
504 ## - BIBLIOGRAPHY, ETC. NOTE
Bibliography, etc Includes bibliographical references
650 ## - SUBJECT ADDED ENTRY--TOPICAL TERM | বিষয় শিরোনাম - মূল বিষয়
Topical term | মূল বিষয় Poetry Criticism
850 ## - HOLDING INSTITUTION
Holding institution LCLIB
942 ## - ADDED ENTRY ELEMENTS (KOHA)
Koha item type Books
Holdings
Withdrawn status Lost status Source of classification Damaged status Not for loan Home library Current library Date acquired Price Total Checkouts Full call number Accession No. Date last seen Price effective from Koha item type
    Dewey Decimal Classification     Loreto College Loreto College 06/12/2018 0.00   891.431 GAU 52625 45797 06/12/2018 06/12/2018 Books